Statystyki dla Krainy Geograficzne polski

Kliknij tutaj aby rozwiązać quiz!

Ogólne statystyki

  • Ten quiz został rozwiązany 146 razy
  • Średni wynik to 14 z 42

Statystyki odpowiedzi

RodzajNazwa% Poprawnych
wyż.śląska
82%
Niz.Mazowiecka
75%
Poj.Mazurskie
75%
góryTatry
72%
Poj.Pomorskie
65%
Kot.Sandomierska
65%
Niz.wielkopolska
64%
PobrzeżeSzczecińskie
61%
PobrzeżeGdańskie
59%
wyż.krakowsko-Częstochowska
58%
PobrzeżeKoszalińskie
56%
PojWielkopolskie
56%
wyż.Lubelska
54%
wyż.Małopolska
51%
góryświętokrzyskie
50%
góryBieszczady
49%
góryKarkonosze
48%
Niz.Podlaska
47%
góryStołowe
46%
Kot.oświęcimska
35%
górypieniny
32%
wyż.Roztocze
27%
góryizerskie
25%
górySowie
25%
Poj.Suwalskie
20%
Poj.Kujawskie
18%
Poj.lubuskie
18%
Niz.Szczecińska
18%
Poj.Kaszubskie
14%
Poj.Iławskie
11%
wyż.Kielecko-Sandomierska
9%
Poj.drawskie
7%
Kot.Warszawska
7%
górykaczawskie
6%
górypodhale
6%
Poj.Leszczyńskie
4%
Poj.Poznańskie
4%
góryWałbrzyskie
4%
Poj.Gnieźnieńskie
3%
górymasyw śnieżnika
3%
wyż.Pogórze Karpackie
1%
wyż.Pogórze Sudeckie
0%

Rozkład punktacji

Percentyl według liczby udzielonych odpowiedzi

Procent ludzi z każdym wynikiem

Twoja historia wyników

Nie rozwiązałeś tego quizu